Como elaborar una tesis en derecho: pautas metodológicas y técnicas para el estudiante o investigador del derecho

Enregistré dans:
Détails bibliographiques
Auteur principal: Witker V., Jorge (Auteur)
Format: Livre
Langue:espagnol
Publié: Madrid Civitas 1986
Sujets:
Tags: Ajouter un tag
Pas de tags, Soyez le premier à ajouter un tag!

MARC

LEADER 00000nam a2200000 a 4500
001 UCZ7691
003 CL-VaPUC
008 960109e19860000SP |||||||||||||||||spa|d
082 0 4 |a 340.72  |b WIT  |2 21 
100 0 |a Witker V., Jorge  |e author  |9 352680 
245 1 0 |a Como elaborar una tesis en derecho: pautas metodológicas y técnicas para el estudiante o investigador del derecho 
300 |a 148 p 
942 |c BK 
945 |d 19960109 00:00:00  |a rleighto 
260 |a Madrid  |b Civitas  |c 1986 
650 7 |a TESIS  |2 CL-VaPUC  |9 257341 
650 7 |a REDACCION DE INFORMES  |2 CL-VaPUC  |9 352681 
650 0 |a Metodología   |9 256610 
650 0 |a Investigadores   |9 332689 
583 |a last modification  |c 19960109 00:00:00  |k Rodrigo Vera 
999 |c 243732  |d 243730 
952 |0 0  |1 0  |4 0  |6 340_720000000000000_WIT_1986  |7 0  |8 DER_TF  |9 257517  |a BIBDER  |b BIBDER  |d 2019-11-19  |i 3168352  |l 2  |m 5  |o 340.72 WIT 1986  |p 3168352  |q 2025-12-31  |r 2020-03-20  |s 2020-03-20  |w 2019-11-19  |x Ubicación 4to Piso  |y BK  |z Estos recursos deben solicitarse con anticipación  |k DER